ARRUPE JESUIT UNIVERSITY

CORONAVIRUS -STOP THE SPREAD - CLEAN,DISINFECT,COVER

The archaeology of rock-art / (Record no. 123949)

MARC details
000 -LEADER
fixed length control field 01186cam a2200337 a 4500
001 - CONTROL NUMBER
control field 743746
003 - CONTROL NUMBER IDENTIFIER
control field ARRUPE
005 - DATE AND TIME OF LATEST TRANSACTION
control field 20160203145331.0
008 - FIXED-LENGTH DATA ELEMENTS--GENERAL INFORMATION
fixed length control field 990205s1998 enka b 001 0 eng d
010 ## - LIBRARY OF CONGRESS CONTROL NUMBER
LC control number 99188038
020 ## - INTERNATIONAL STANDARD BOOK NUMBER
International Standard Book Number 0521572568 (hbk.)
020 ## - INTERNATIONAL STANDARD BOOK NUMBER
International Standard Book Number 0521576199 (pbk.)
035 ## - SYSTEM CONTROL NUMBER
System control number (DLC) 99188038
035 ## - SYSTEM CONTROL NUMBER
System control number (OCoLC)40739663
040 ## - CATALOGING SOURCE
Original cataloging agency NNM
Transcribing agency NNM
Modifying agency DLC
042 ## - AUTHENTICATION CODE
Authentication code lccopycat
050 00 - LIBRARY OF CONGRESS CALL NUMBER
Classification number GN799.P4
Item number A73 1998
082 00 - DEWEY DECIMAL CLASSIFICATION NUMBER
Classification number 709/.01/3
Edition number 21
300 ## - PHYSICAL DESCRIPTION
Other physical details ill. ;
Dimensions 25 cm.
245 04 - TITLE STATEMENT
Title The archaeology of rock-art /
Statement of responsibility, etc edited by Christopher Chippindale and Paul S.C. Taçon.
246 30 - VARYING FORM OF TITLE
Title proper/short title Rock-art
260 ## - PUBLICATION, DISTRIBUTION, ETC. (IMPRINT)
Place of publication, distribution, etc Cambridge, U.K. ;
-- New York, NY :
Name of publisher, distributor, etc Cambridge University Press,
Date of publication, distribution, etc 1998.
300 ## - PHYSICAL DESCRIPTION
Extent xviii, 373 p. :
504 ## - BIBLIOGRAPHY, ETC. NOTE
Bibliography, etc Includes bibliographical references and index.
650 #0 - SUBJECT ADDED ENTRY--TOPICAL TERM
Topical term or geographic name as entry element Rock paintings.
9 (RLIN) 21544
650 #0 - SUBJECT ADDED ENTRY--TOPICAL TERM
Topical term or geographic name as entry element Petroglyphs.
9 (RLIN) 21545
700 1# - ADDED ENTRY--PERSONAL NAME
Personal name Chippindale, Christopher,
Dates associated with a name 1951-
9 (RLIN) 21546
Relator term ed.
700 1# - ADDED ENTRY--PERSONAL NAME
Personal name Taçon, Paul S. C.
Fuller form of name (Paul Stephen Charles),
Dates associated with a name 1958-
9 (RLIN) 21547
Relator term ed.
906 ## - LOCAL DATA ELEMENT F, LDF (RLIN)
a 7
b cbc
c copycat
d 2
e ncip
f 19
g y-gencatlg
942 ## - ADDED ENTRY ELEMENTS (KOHA)
Source of classification or shelving scheme Library of Congress Classification
Koha item type Monograph ( Printed materials)
Holdings
Withdrawn status Lost status Source of classification or shelving scheme Damaged status Not for loan Collection code Home library Current library Shelving location Date acquired Total Checkouts Full call number Barcode Date last seen Price effective from Koha item type
    Library of Congress Classification     Main Collection ARRUPE LIBRARY ARRUPE LIBRARY Main Collection 18/01/2016   GN799.P4A73 1998 46500005983 09/04/2018 18/01/2016 Monograph ( Printed materials)

 

Arrupe Library. PO Box MP320 Mt Pleasant, Harare, Zimbabwe
263 242 745411|librarian@aju.ac.zw